[Event "46th Greek Team Championship"]
[Site "chess24.com"]
[Date "2018.07.11"]
[Round "2"]
[White "Tsouli, Rafailia"]
[Black "Mastrakouli, Evagelia"]
[Result "1/2-1/2"]
[Board "6"]
[WhiteElo "1327"]
[WhiteCountry "GRE"]
[WhiteFideId "25815296"]
[WhiteEloChange "8"]
[BlackElo "1779"]
[BlackCountry "GRE"]
[BlackFideId "4229347"]
[BlackEloChange "-8"]

1. d4 {[%clk 1:30:57]} Nf6 {[%clk 1:29:42]} 2. c4 {[%clk 1:31:10]} g6 {[%clk
1:30:01]} 3. Nf3 {[%clk 1:31:19]} Bg7 {[%clk 1:30:17]} 4. Nc3 {[%clk 1:31:14]} d6
{[%clk 1:30:21]} 5. g3 {[%clk 1:29:37]} O-O {[%clk 1:29:48]} 6. Bg2 {[%clk
1:29:20]} Nc6 {[%clk 1:29:57]} 7. O-O {[%clk 1:28:28]} a6 {[%clk 1:30:06]} 8. e4
{[%clk 1:24:20]} Bg4 {[%clk 1:28:39]} 9. Be3 {[%clk 1:21:07]} Re8 {[%clk
1:24:01]} 10. Qd2 {[%clk 1:18:00]} e5 {[%clk 1:18:42]} 11. d5 {[%clk 1:16:02]}
Bxf3 {[%clk 1:18:31]} 12. dxc6 {[%clk 1:05:07]} Bxg2 {[%clk 1:18:37]} 13. cxb7
{[%clk 1:05:15]} Bxf1 {[%clk 1:18:42]} 14. bxa8Q {[%clk 1:04:47]} Qxa8 {[%clk
1:18:39]} 15. Rxf1 {[%clk 1:03:08]} Nxe4 {[%clk 1:16:24]} 16. Nxe4 {[%clk
1:02:05]} Qxe4 {[%clk 1:16:45]} 17. b3 {[%clk 0:59:54]} Qa8 {[%clk 0:33:34]} 18.
Rd1 {[%clk 0:43:30]} Rd8 {[%clk 0:31:12]} 19. Qa5 {[%clk 0:40:05]} c6 {[%clk
0:28:14]} 20. Bb6 {[%clk 0:34:02]} Rd7 {[%clk 0:28:12]} 21. Bc5 {[%clk 0:29:08]}
d5 {[%clk 0:26:48]} 22. cxd5 {[%clk 0:28:59]} cxd5 {[%clk 0:25:57]} 23. Qa4
{[%clk 0:26:40]} Qb7 {[%clk 0:24:42]} 24. Ba3 {[%clk 0:23:05]} Qb5 {[%clk
0:19:03]} 25. Qxb5 {[%clk 0:19:50]} axb5 {[%clk 0:19:27]} 26. Kf1 {[%clk
0:19:37]} d4 {[%clk 0:15:42]} 27. Rc1 {[%clk 0:14:56]} f5 {[%clk 0:13:15]} 28.
Bb4 {[%clk 0:13:41]} d3 {[%clk 0:11:20]} 29. Rd1 {[%clk 0:12:45]} e4 {[%clk
0:11:30]} 30. Bd2 {[%clk 0:11:14]} Ra7 {[%clk 0:09:25]} 31. Rc1 {[%clk 0:08:24]}
h6 {[%clk 0:08:00]} 32. a4 {[%clk 0:05:36]} bxa4 {[%clk 0:06:53]} 33. bxa4 {[%clk
0:06:01]} Kh7 {[%clk 0:05:16]} 34. a5 {[%clk 0:05:16]} g5 {[%clk 0:04:03]} 35.
Rc6 {[%clk 0:04:33]} Rf7 {[%clk 0:02:07]} 36. a6 {[%clk 0:02:40]} f4 {[%clk
0:01:29]} 37. gxf4 {[%clk 0:02:02]} gxf4 {[%clk 0:01:58]} 38. Ke1 {[%clk
0:01:07]} Bd4 {[%clk 0:00:53]} 39. Re6 {[%clk 0:00:55]} Ra7 {[%clk 0:00:39]} 40.
Bxf4 {[%clk 0:30:50]} Rg7 {[%clk 0:30:37]} 41. Rxe4 {[%clk 0:29:22]} Bc3+ {[%clk
0:27:05]} 42. Kf1 {[%clk 0:29:39]} d2 {[%clk 0:23:45]} 43. Ke2 {[%clk 0:29:21]}
Rd7 {[%clk 0:23:34]} 44. Kd1 {[%clk 0:28:56]} Bd4 {[%clk 0:05:10]} 45. Be3 {[%clk
0:26:56]} Bxe3 {[%clk 0:04:35]} 46. Rxe3 {[%clk 0:26:37]} Rf7 {[%clk 0:04:26]}
47. Kxd2 {[%clk 0:26:46]} Rxf2+ {[%clk 0:04:31]} 48. Re2 {[%clk 0:27:09]} Rf7
{[%clk 0:04:12]} 49. Kc3 {[%clk 0:25:35]} Rf6 {[%clk 0:02:22]} 50. a7 {[%clk
0:24:43]} Ra6 {[%clk 0:02:31]} 51. Re7+ {[%clk 0:25:04]} Kg6 {[%clk 0:02:56]} 52.
Re6+ {[%clk 0:24:47]} Rxe6 {[%clk 0:03:10]} 53. a8Q {[%clk 0:25:07]} Rf6 {[%clk
0:02:37]} 54. Kd4 {[%clk 0:24:15]} Kg5 {[%clk 0:03:14]} 55. Qd8 {[%clk 0:22:58]}
Kf5 {[%clk 0:03:01]} 56. Qd5+ {[%clk 0:23:03]} Kg4 {[%clk 0:03:14]} 57. Qg2+
{[%clk 0:22:55]} Kh5 {[%clk 0:03:11]} 58. Ke5 {[%clk 0:22:17]} Rf8 {[%clk
0:02:04]} 59. Ke6 {[%clk 0:20:48]} Rf4 {[%clk 0:02:09]} 60. Qh3+ {[%clk 0:18:59]}
Kg5 {[%clk 0:02:29]} 61. Qg3+ {[%clk 0:18:39]} Rg4 {[%clk 0:02:36]} 62. h4+
{[%clk 0:16:26]} Kh5 {[%clk 0:02:55]} 63. Qh3 {[%clk 0:16:26]} Rg6+ {[%clk
0:02:07]} 64. Ke5 {[%clk 0:15:30]} Rg8 {[%clk 0:01:25]} 65. Qf5+ {[%clk 0:11:05]}
Kxh4 {[%clk 0:01:47]} 66. Qf4+ {[%clk 0:11:30]} Rg4 {[%clk 0:01:17]} 67. Qxh6+
{[%clk 0:11:52]} Kg3 {[%clk 0:01:44]} 68. Qe3+ {[%clk 0:11:58]} Kh4 {[%clk
0:01:49]} 69. Kf5 {[%clk 0:11:20]} Rg8 {[%clk 0:01:29]} 70. Qf4+ {[%clk 0:07:12]}
Kh3 {[%clk 0:01:52]} 71. Qf3+ {[%clk 0:06:32]} Kh2 {[%clk 0:02:20]} 72. Qf2+
{[%clk 0:05:01]} Kh3 {[%clk 0:02:12]} 73. Qf3+ {[%clk 0:03:12]} Kh2 {[%clk
0:02:38]} 74. Qf2+ {[%clk 0:02:56]} Kh3 {[%clk 0:03:02]} 75. Qf3+ {[%clk
0:03:17]} Kh2 {[%clk 0:02:46]} 1/2-1/2

[Event "46th Greek Team Championship"]
[Site "chess24.com"]
[Date "2018.07.11"]
[Round "2"]
[White "Georgiou, Kostantinos"]
[Black "Papakonstantinou, Dimitrios"]
[Result "1/2-1/2"]
[Board "1"]
[WhiteElo "2242"]
[WhiteCountry "GRE"]
[WhiteFideId "4205634"]
[WhiteEloChange "3"]
[BlackElo "2336"]
[BlackCountry "GRE"]
[BlackFideId "4218655"]
[BlackEloChange "-3"]

1. e4 {[%clk 1:30:57]} d6 {[%clk 1:30:51]} 2. Nc3 {[%clk 1:30:47]} Nf6 {[%clk
1:29:59]} 3. b3 {[%clk 1:28:13]} g6 {[%clk 1:26:06]} 4. Bb2 {[%clk 1:28:01]} Bg7
{[%clk 1:26:31]} 5. d4 {[%clk 1:27:37]} O-O {[%clk 1:25:28]} 6. f3 {[%clk
1:26:11]} c5 {[%clk 1:22:19]} 7. dxc5 {[%clk 1:13:23]} Qa5 {[%clk 1:19:56]} 8.
Qd2 {[%clk 1:13:44]} Qxc5 {[%clk 1:19:54]} 9. O-O-O {[%clk 1:12:36]} Nc6 {[%clk
1:13:55]} 10. Kb1 {[%clk 1:10:43]} Bd7 {[%clk 0:58:41]} 11. g4 {[%clk 1:04:57]}
Rfc8 {[%clk 0:56:20]} 12. h4 {[%clk 0:57:15]} h5 {[%clk 0:51:33]} 13. g5 {[%clk
0:51:24]} Ne8 {[%clk 0:51:06]} 14. Bh3 {[%clk 0:48:11]} Bxh3 {[%clk 0:49:55]} 15.
Rxh3 {[%clk 0:48:09]} b5 {[%clk 0:46:54]} 16. f4 {[%clk 0:45:12]} e6 {[%clk
0:45:15]} 17. f5 {[%clk 0:42:51]} gxf5 {[%clk 0:32:55]} 18. exf5 {[%clk 0:42:52]}
Qxf5 {[%clk 0:33:21]} 19. Rf3 {[%clk 0:37:02]} Qg6 {[%clk 0:30:01]} 20. Nxb5
{[%clk 0:30:03]} Bxb2 {[%clk 0:27:23]} 21. Kxb2 {[%clk 0:30:21]} Rab8 {[%clk
0:26:29]} 22. Na3 {[%clk 0:24:15]} Ne5 {[%clk 0:25:02]} 23. Rf2 {[%clk 0:21:57]}
d5 {[%clk 0:24:09]} 24. Nh3 {[%clk 0:19:31]} Nd6 {[%clk 0:21:04]} 25. Qd4 {[%clk
0:16:14]} Nc6 {[%clk 0:14:03]} 26. Qf6 {[%clk 0:11:02]} Ne4 {[%clk 0:13:54]} 27.
Qxg6+ {[%clk 0:11:16]} fxg6 {[%clk 0:14:23]} 28. Rff1 {[%clk 0:10:54]} Ne7 {[%clk
0:12:47]} 29. Nf4 {[%clk 0:09:48]} Rb6 {[%clk 0:13:04]} 30. c4 {[%clk 0:05:58]}
Ng3 {[%clk 0:03:52]} 31. Rf3 {[%clk 0:05:22]} Ngf5 {[%clk 0:04:12]} 32. cxd5
{[%clk 0:05:12]} exd5 {[%clk 0:04:31]} 33. Nxd5 {[%clk 0:04:52]} Nxd5 {[%clk
0:04:32]} 34. Rxd5 {[%clk 0:05:17]} Nxh4 {[%clk 0:03:34]} 35. Rf4 {[%clk
0:04:47]} Nf5 {[%clk 0:03:29]} 36. Nc4 {[%clk 0:03:43]} Re6 {[%clk 0:03:41]} 37.
Ne5 {[%clk 0:02:42]} Ne3 {[%clk 0:02:11]} 38. Ra5 {[%clk 0:02:45]} Rc7 {[%clk
0:01:50]} 39. Rf6 {[%clk 0:02:41]} Rxf6 {[%clk 0:01:22]} 40. gxf6 {[%clk
0:33:10]} Ng4 {[%clk 0:31:23]} 41. f7+ {[%clk 0:29:18]} Kg7 {[%clk 0:29:35]} 42.
f8Q+ {[%clk 0:28:49]} Kxf8 {[%clk 0:30:03]} 43. Nxg6+ {[%clk 0:29:08]} Kf7 {[%clk
0:23:34]} 44. Nf4 {[%clk 0:29:01]} Nf6 {[%clk 0:23:22]} 45. Nxh5 {[%clk 0:28:32]}
Nxh5 {[%clk 0:23:35]} 46. Rxh5 {[%clk 0:28:57]} Ke6 {[%clk 0:23:53]} 47. b4
{[%clk 0:28:10]} Kd6 {[%clk 0:19:27]} 48. Kb3 {[%clk 0:28:05]} Kc6 {[%clk
0:15:24]} 49. Rh6+ {[%clk 0:26:15]} Kb7 {[%clk 0:15:22]} 50. Ka4 {[%clk 0:24:18]}
Rg7 {[%clk 0:15:32]} 51. Ka5 {[%clk 0:23:18]} Rg5+ {[%clk 0:15:28]} 52. b5 {[%clk
0:23:31]} Rg7 {[%clk 0:15:55]} 53. Re6 {[%clk 0:23:40]} Rh7 {[%clk 0:16:11]} 54.
a4 {[%clk 0:23:45]} Rg7 {[%clk 0:15:55]} 55. Re4 {[%clk 0:23:07]} Rg1 {[%clk
0:10:56]} 56. Re7+ {[%clk 0:23:09]} Kb8 {[%clk 0:11:24]} 57. Rd7 {[%clk 0:21:03]}
Rh1 {[%clk 0:11:33]} 58. Ka6 {[%clk 0:16:55]} Rh6+ {[%clk 0:11:55]} 59. Ka5
{[%clk 0:17:20]} Rh1 {[%clk 0:12:23]} 60. Kb4 {[%clk 0:17:15]} Rb1+ {[%clk
0:12:37]} 61. Kc4 {[%clk 0:17:08]} Rc1+ {[%clk 0:12:53]} 62. Kb3 {[%clk 0:17:21]}
Rb1+ {[%clk 0:12:51]} 63. Ka2 {[%clk 0:17:29]} Rh1 {[%clk 0:12:04]} 64. Rd4
{[%clk 0:16:19]} Rh3 {[%clk 0:12:06]} 65. Kb2 {[%clk 0:15:31]} Kb7 {[%clk
0:11:40]} 66. Re4 {[%clk 0:15:24]} Rg3 {[%clk 0:11:44]} 67. Re5 {[%clk 0:15:30]}
Kb6 {[%clk 0:11:30]} 68. Re6+ {[%clk 0:15:43]} Kc7 {[%clk 0:11:28]} 69. Kc2
{[%clk 0:12:05]} Rh3 {[%clk 0:10:55]} 70. Rf6 {[%clk 0:10:56]} Rg3 {[%clk
0:11:13]} 71. Rc6+ {[%clk 0:09:26]} Kb7 {[%clk 0:11:35]} 72. Rh6 {[%clk 0:08:31]}
Kc7 {[%clk 0:11:36]} 73. Kd2 {[%clk 0:07:17]} Ra3 {[%clk 0:11:33]} 74. Rc6+
{[%clk 0:06:16]} Kb7 {[%clk 0:11:53]} 75. Rc4 {[%clk 0:06:34]} Kb6 {[%clk
0:11:57]} 76. Kc2 {[%clk 0:05:12]} Ka5 {[%clk 0:11:14]} 77. Rc7 {[%clk 0:05:29]}
Rxa4 {[%clk 0:11:30]} 78. Rxa7+ {[%clk 0:05:51]} Kxb5 {[%clk 0:11:56]} 79. Rxa4
{[%clk 0:06:14]} Kxa4 {[%clk 0:12:24]} 1/2-1/2

[Event "46th Greek Team Championship"]
[Site "chess24.com"]
[Date "2018.07.11"]
[Round "2"]
[White "Tsironis, Alexandros"]
[Black "Eleftheriou, Georgios"]
[Result "0-1"]
[Board "4"]
[WhiteElo "1994"]
[WhiteCountry "GRE"]
[WhiteFideId "4262980"]
[WhiteEloChange "-17"]
[BlackElo "1659"]
[BlackCountry "GRE"]
[BlackFideId "4299612"]
[BlackEloChange "17"]

1. e4 {[%clk 1:30:48]} c6 {[%clk 1:30:52]} 2. d4 {[%clk 1:31:13]} d5 {[%clk
1:31:16]} 3. Nc3 {[%clk 1:30:28]} dxe4 {[%clk 1:31:37]} 4. Nxe4 {[%clk 1:30:54]}
Nf6 {[%clk 1:31:55]} 5. Nxf6+ {[%clk 1:31:19]} gxf6 {[%clk 1:32:15]} 6. Be3
{[%clk 1:27:27]} Bf5 {[%clk 1:30:00]} 7. Ne2 {[%clk 1:26:35]} h5 {[%clk 1:29:20]}
8. h4 {[%clk 1:25:13]} Nd7 {[%clk 1:27:25]} 9. Ng3 {[%clk 1:22:25]} Bg4 {[%clk
1:26:46]} 10. f3 {[%clk 0:49:30]} Qc7 {[%clk 1:22:26]} 11. Bf2 {[%clk 0:47:53]}
Be6 {[%clk 1:21:32]} 12. Ne4 {[%clk 0:44:41]} Bh6 {[%clk 1:16:08]} 13. Bd3 {[%clk
0:42:22]} Rg8 {[%clk 1:12:25]} 14. Rg1 {[%clk 0:38:40]} f5 {[%clk 1:02:54]} 15.
Nd2 {[%clk 0:38:21]} O-O-O {[%clk 0:56:30]} 16. c3 {[%clk 0:35:54]} Ne5 {[%clk
0:47:34]} 17. Be2 {[%clk 0:34:56]} Ng6 {[%clk 0:47:16]} 18. Qa4 {[%clk 0:33:28]}
Kb8 {[%clk 0:41:10]} 19. O-O-O {[%clk 0:32:54]} Rd5 {[%clk 0:38:55]} 20. c4
{[%clk 0:29:14]} Ra5 {[%clk 0:34:14]} 21. Qb4 {[%clk 0:22:43]} Rxa2 {[%clk
0:31:05]} 22. Kb1 {[%clk 0:23:08]} Qa5 {[%clk 0:28:08]} 23. Qxa5 {[%clk 0:22:43]}
Rxa5 {[%clk 0:28:30]} 24. Nb3 {[%clk 0:22:35]} Ra4 {[%clk 0:27:28]} 25. Nc5
{[%clk 0:17:43]} Bxc4 {[%clk 0:27:30]} 26. Nxa4 {[%clk 0:15:23]} Bxe2 {[%clk
0:27:51]} 27. Rde1 {[%clk 0:15:45]} Bd3+ {[%clk 0:26:24]} 28. Ka2 {[%clk
0:16:04]} e6 {[%clk 0:25:56]} 29. Nc5 {[%clk 0:16:11]} Bb5 {[%clk 0:22:20]} 30.
Nd7+ {[%clk 0:16:21]} Kc7 {[%clk 0:22:07]} 31. Nf6 {[%clk 0:15:53]} Rh8 {[%clk
0:21:13]} 32. Nxh5 {[%clk 0:15:49]} Bf8 {[%clk 0:20:22]} 33. g4 {[%clk 0:14:50]}
Be7 {[%clk 0:18:41]} 34. Rh1 {[%clk 0:07:22]} Bc4+ {[%clk 0:17:48]} 35. b3 {[%clk
0:07:34]} Bd5 {[%clk 0:17:43]} 36. Rh3 {[%clk 0:07:57]} a5 {[%clk 0:13:03]} 37.
Kb2 {[%clk 0:08:07]} b5 {[%clk 0:11:47]} 38. Bg3+ {[%clk 0:07:19]} Kb6 {[%clk
0:11:57]} 39. Nf4 {[%clk 0:02:47]} Bf6 {[%clk 0:09:20]} 40. Nxd5+ {[%clk
0:31:50]} cxd5 {[%clk 0:39:37]} 41. Kc3 {[%clk 0:27:33]} Nxh4 {[%clk 0:35:51]}
42. Bxh4 {[%clk 0:21:14]} Bxh4 {[%clk 0:36:08]} 43. Reh1 {[%clk 0:21:31]} Rc8+
{[%clk 0:29:52]} 44. Kd3 {[%clk 0:20:53]} Bg5 {[%clk 0:29:03]} 45. gxf5 {[%clk
0:19:47]} b4 {[%clk 0:28:21]} 46. Rb1 {[%clk 0:17:54]} Rc3+ {[%clk 0:27:39]} 47.
Ke2 {[%clk 0:18:23]} exf5 {[%clk 0:27:03]} 48. Rh5 {[%clk 0:18:04]} f6 {[%clk
0:25:34]} 49. f4 {[%clk 0:18:15]} Bxf4 {[%clk 0:25:16]} 50. Rxf5 {[%clk 0:18:39]}
Re3+ {[%clk 0:24:48]} 51. Kf2 {[%clk 0:18:40]} Re4 {[%clk 0:24:28]} 52. Rxf6+
{[%clk 0:16:37]} Kb5 {[%clk 0:24:37]} 53. Kf3 {[%clk 0:14:25]} Bd2 {[%clk
0:23:05]} 54. Rg1 {[%clk 0:06:58]} Re3+ {[%clk 0:22:10]} 55. Kf2 {[%clk 0:07:15]}
Rxb3 {[%clk 0:22:32]} 56. Ke2 {[%clk 0:07:05]} Bc3 {[%clk 0:22:01]} 57. Rg5
{[%clk 0:06:49]} Rb2+ {[%clk 0:21:30]} 58. Kf3 {[%clk 0:05:50]} Kc4 {[%clk
0:19:22]} 59. Rff5 {[%clk 0:04:45]} Bxd4 {[%clk 0:18:03]} 60. Rxd5 {[%clk
0:05:06]} a4 {[%clk 0:17:22]} 61. Ke4 {[%clk 0:03:21]} Re2+ {[%clk 0:16:46]} 62.
Kf3 {[%clk 0:03:50]} Re3+ {[%clk 0:16:49]} 63. Kf4 {[%clk 0:03:43]} Rd3 {[%clk
0:16:38]} 64. Ke4 {[%clk 0:03:53]} a3 {[%clk 0:16:35]} 65. Ra5 {[%clk 0:03:41]}
Re3+ {[%clk 0:15:57]} 66. Kf4 {[%clk 0:04:06]} Re7 {[%clk 0:15:43]} 67. Rg3
{[%clk 0:03:54]} Ra7 {[%clk 0:14:52]} 68. Rxa7 {[%clk 0:02:03]} Bxa7 {[%clk
0:15:15]} 69. Ke4 {[%clk 0:02:32]} Bd4 {[%clk 0:14:31]} 70. Rg2 {[%clk 0:02:52]}
Bc3 {[%clk 0:14:27]} 71. Rh2 {[%clk 0:03:02]} Kb3 {[%clk 0:14:46]} 72. Kd3 {[%clk
0:03:26]} a2 {[%clk 0:15:03]} 73. Rh1 {[%clk 0:03:06]} a1Q {[%clk 0:15:22]} 74.
Re1 {[%clk 0:02:55]} Bxe1 {[%clk 0:15:20]} 0-1

[Event "46th Greek Team Championship"]
[Site "chess24.com"]
[Date "2018.07.11"]
[Round "2"]
[White "Maier, Christian"]
[Black "Hrisomalis, Theodoros"]
[Result "1-0"]
[Board "3"]
[WhiteElo "2378"]
[WhiteTitle "IM"]
[WhiteCountry "GER"]
[WhiteFideId "4601955"]
[WhiteEloChange "4"]
[BlackElo "2163"]
[BlackCountry "GRE"]
[BlackFideId "4221486"]
[BlackEloChange "-4"]

1. c4 {[%clk 1:30:12]} e5 {[%clk 1:27:39]} 2. g3 {[%clk 1:29:54]} Nf6 {[%clk
1:26:50]} 3. Bg2 {[%clk 1:30:16]} c6 {[%clk 1:27:04]} 4. Nf3 {[%clk 1:28:25]} e4
{[%clk 1:24:31]} 5. Nd4 {[%clk 1:27:32]} d5 {[%clk 1:24:56]} 6. cxd5 {[%clk
1:27:28]} cxd5 {[%clk 1:25:14]} 7. Nc3 {[%clk 1:25:22]} Nc6 {[%clk 1:09:52]} 8.
Nxc6 {[%clk 1:24:08]} bxc6 {[%clk 1:09:51]} 9. d3 {[%clk 1:24:02]} exd3 {[%clk
1:05:13]} 10. Qxd3 {[%clk 1:24:14]} Be7 {[%clk 1:03:26]} 11. O-O {[%clk 1:23:02]}
O-O {[%clk 1:03:24]} 12. Be3 {[%clk 1:17:55]} a5 {[%clk 0:58:26]} 13. Na4 {[%clk
1:15:31]} Re8 {[%clk 0:54:15]} 14. Qc2 {[%clk 1:13:28]} Rb8 {[%clk 0:50:28]} 15.
Rfd1 {[%clk 1:11:33]} Bd7 {[%clk 0:44:09]} 16. Rac1 {[%clk 1:08:10]} Rb4 {[%clk
0:41:52]} 17. b3 {[%clk 1:07:21]} Rb5 {[%clk 0:37:17]} 18. Nc5 {[%clk 1:00:41]}
Bg4 {[%clk 0:29:13]} 19. f3 {[%clk 0:53:38]} Bc8 {[%clk 0:27:44]} 20. Bf2 {[%clk
0:53:45]} Qc7 {[%clk 0:26:46]} 21. Bf1 {[%clk 0:53:15]} Rb8 {[%clk 0:25:52]} 22.
Qd3 {[%clk 0:52:48]} Ra8 {[%clk 0:23:06]} 23. Rc3 {[%clk 0:46:21]} Nd7 {[%clk
0:16:45]} 24. Nxd7 {[%clk 0:38:51]} Qxd7 {[%clk 0:17:13]} 25. Qc2 {[%clk
0:38:56]} Bb7 {[%clk 0:16:53]} 26. Bc5 {[%clk 0:37:37]} Bf6 {[%clk 0:16:27]} 27.
Bd4 {[%clk 0:36:53]} Be7 {[%clk 0:15:16]} 28. Bc5 {[%clk 0:33:53]} Bf6 {[%clk
0:15:40]} 29. Rcd3 {[%clk 0:27:36]} Ba6 {[%clk 0:11:28]} 30. Re3 {[%clk 0:24:22]}
Rxe3 {[%clk 0:10:46]} 31. Bxe3 {[%clk 0:24:47]} Qe8 {[%clk 0:08:31]} 32. Kf2
{[%clk 0:24:16]} Bc8 {[%clk 0:08:14]} 33. Bd4 {[%clk 0:23:28]} Qe6 {[%clk
0:06:31]} 34. Qc3 {[%clk 0:22:38]} a4 {[%clk 0:05:04]} 35. bxa4 {[%clk 0:17:31]}
Rxa4 {[%clk 0:05:13]} 36. Bxf6 {[%clk 0:17:55]} gxf6 {[%clk 0:04:22]} 37. Qb3
{[%clk 0:17:08]} Ra8 {[%clk 0:04:17]} 38. Rd2 {[%clk 0:12:29]} Ba6 {[%clk
0:02:28]} 39. a4 {[%clk 0:04:27]} Bc4 {[%clk 0:02:10]} 40. Qb4 {[%clk 0:34:37]}
Re8 {[%clk 0:31:42]} 41. Qc5 {[%clk 0:33:40]} Qe7 {[%clk 0:25:59]} 42. Qxc6
{[%clk 0:31:59]} Qe3+ {[%clk 0:25:46]} 43. Kg2 {[%clk 0:32:21]} Re6 {[%clk
0:24:27]} 44. Qc8+ {[%clk 0:32:23]} Kg7 {[%clk 0:19:00]} 45. Rb2 {[%clk 0:28:39]}
Ba6 {[%clk 0:19:24]} 46. Qc2 {[%clk 0:28:02]} d4 {[%clk 0:19:01]} 47. Qd2 {[%clk
0:27:35]} Qe5 {[%clk 0:18:25]} 48. Qf4 {[%clk 0:26:41]} Qd5 {[%clk 0:10:14]} 49.
Qg4+ {[%clk 0:22:50]} Kh6 {[%clk 0:10:20]} 50. Rd2 {[%clk 0:18:41]} Rd6 {[%clk
0:09:53]} 51. Qf4+ {[%clk 0:17:06]} Kg7 {[%clk 0:09:50]} 52. Qg4+ {[%clk
0:10:43]} Kh6 {[%clk 0:10:07]} 53. Rb2 {[%clk 0:10:49]} Re6 {[%clk 0:09:05]} 54.
Qf4+ {[%clk 0:10:48]} Kg7 {[%clk 0:09:14]} 55. Qd2 {[%clk 0:11:11]} Re3 {[%clk
0:04:20]} 56. Rb4 {[%clk 0:10:18]} Bc4 {[%clk 0:04:46]} 57. Qc2 {[%clk 0:07:58]}
Rc3 {[%clk 0:04:56]} 58. Qe4 {[%clk 0:08:10]} Qxe4 {[%clk 0:02:23]} 59. fxe4
{[%clk 0:08:20]} Rc2 {[%clk 0:02:51]} 60. Kf3 {[%clk 0:08:40]} Rc3+ {[%clk
0:02:38]} 61. Kf2 {[%clk 0:07:27]} Rc2 {[%clk 0:03:03]} 62. Ke1 {[%clk 0:07:32]}
Rc1+ {[%clk 0:02:00]} 63. Kd2 {[%clk 0:07:50]} Rc3 {[%clk 0:01:15]} 64. Bg2
{[%clk 0:07:43]} Kf8 {[%clk 0:01:10]} 65. e3 {[%clk 0:08:01]} Rd3+ {[%clk
0:01:21]} 66. Kc1 {[%clk 0:05:46]} dxe3 {[%clk 0:01:12]} 67. Bf1 {[%clk 0:05:14]}
Rd2 {[%clk 0:00:33]} 68. Bxc4 {[%clk 0:05:18]} Rxh2 {[%clk 0:00:51]} 69. Rb2
{[%clk 0:05:40]} Rh1+ {[%clk 0:00:53]} 70. Kc2 {[%clk 0:06:05]} Rg1 {[%clk
0:00:56]} 71. Be2 {[%clk 0:06:08]} Rxg3 {[%clk 0:01:05]} 72. a5 {[%clk 0:06:32]}
Ke7 {[%clk 0:01:21]} 73. a6 {[%clk 0:06:54]} Rg1 {[%clk 0:01:14]} 74. Ra2 {[%clk
0:07:10]} Rg8 {[%clk 0:01:29]} 75. a7 {[%clk 0:06:47]} Ra8 {[%clk 0:01:48]} 76.
Bc4 {[%clk 0:07:12]} f5 {[%clk 0:01:30]} 77. Bd5 {[%clk 0:07:33]} Rc8+ {[%clk
0:01:22]} 78. Kd3 {[%clk 0:07:55]} fxe4+ {[%clk 0:00:58]} 79. Kxe3 {[%clk
0:08:14]} Kd6 {[%clk 0:00:37]} 80. a8Q {[%clk 0:08:34]} Rxa8 {[%clk 0:00:40]} 81.
Bxa8 {[%clk 0:08:01]} 1-0

[Event "46th Greek Team Championship"]
[Site "chess24.com"]
[Date "2018.07.11"]
[Round "2"]
[White "Gazis, Efstathios"]
[Black "Masouros, Panagiotis"]
[Result "1/2-1/2"]
[Board "4"]
[WhiteElo "2195"]
[WhiteTitle "FM"]
[WhiteCountry "GRE"]
[WhiteFideId "4200659"]
[WhiteEloChange "-7"]
[BlackElo "1860"]
[BlackCountry "GRE"]
[BlackFideId "4208382"]
[BlackEloChange "7"]

1. e4 {[%clk 1:23:00]} c5 {[%clk 1:30:46]} 2. Nf3 {[%clk 1:23:17]} Nc6 {[%clk
1:31:10]} 3. Nc3 {[%clk 1:23:26]} d6 {[%clk 1:30:23]} 4. d4 {[%clk 1:22:33]} cxd4
{[%clk 1:30:43]} 5. Nxd4 {[%clk 1:22:59]} Nf6 {[%clk 1:30:41]} 6. Bg5 {[%clk
1:23:20]} e6 {[%clk 1:31:01]} 7. Qd3 {[%clk 1:23:24]} Be7 {[%clk 1:30:01]} 8. Be2
{[%clk 1:23:43]} a6 {[%clk 1:29:03]} 9. O-O-O {[%clk 1:24:00]} Qc7 {[%clk
1:25:52]} 10. f4 {[%clk 1:23:40]} Bd7 {[%clk 1:21:25]} 11. Rhe1 {[%clk 1:20:17]}
Rc8 {[%clk 1:20:14]} 12. Nxc6 {[%clk 1:15:16]} Bxc6 {[%clk 1:18:59]} 13. Bf3
{[%clk 1:13:43]} O-O {[%clk 1:16:37]} 14. Bxf6 {[%clk 1:08:35]} Bxf6 {[%clk
1:16:10]} 15. Qxd6 {[%clk 1:06:13]} Bxc3 {[%clk 1:16:15]} 16. bxc3 {[%clk
1:06:13]} Qa5 {[%clk 1:12:04]} 17. Kb2 {[%clk 1:04:04]} Bd5 {[%clk 1:06:35]} 18.
Qb4 {[%clk 0:55:39]} Qxa2+ {[%clk 1:05:40]} 19. Kc1 {[%clk 0:56:00]} Bc6 {[%clk
1:00:48]} 20. Rd4 {[%clk 0:47:58]} a5 {[%clk 0:56:55]} 21. Qb3 {[%clk 0:44:55]}
Qxb3 {[%clk 0:55:34]} 22. cxb3 {[%clk 0:45:19]} Rfd8 {[%clk 0:55:26]} 23. Kb2
{[%clk 0:39:59]} Kf8 {[%clk 0:54:33]} 24. Red1 {[%clk 0:36:57]} Ke7 {[%clk
0:54:29]} 25. c4 {[%clk 0:35:53]} f6 {[%clk 0:39:27]} 26. b4 {[%clk 0:27:23]}
axb4 {[%clk 0:36:34]} 27. Kb3 {[%clk 0:26:33]} Rxd4 {[%clk 0:34:28]} 28. Rxd4
{[%clk 0:26:58]} Ra8 {[%clk 0:34:38]} 29. Kxb4 {[%clk 0:27:04]} Ra1 {[%clk
0:33:47]} 30. Kc5 {[%clk 0:23:10]} Re1 {[%clk 0:29:37]} 31. Rd3 {[%clk 0:20:47]}
e5 {[%clk 0:18:57]} 32. fxe5 {[%clk 0:21:00]} fxe5 {[%clk 0:19:23]} 33. Rd2
{[%clk 0:20:56]} g6 {[%clk 0:18:31]} 34. Kb6 {[%clk 0:20:46]} Bxe4 {[%clk
0:17:30]} 35. Bxe4 {[%clk 0:19:35]} Rxe4 {[%clk 0:17:55]} 36. Kc5 {[%clk
0:19:22]} b6+ {[%clk 0:17:15]} 37. Kd5 {[%clk 0:19:30]} Rd4+ {[%clk 0:14:16]} 38.
Rxd4 {[%clk 0:19:40]} exd4 {[%clk 0:14:44]} 39. Kxd4 {[%clk 0:20:03]} Kd6 {[%clk
0:15:11]} 1/2-1/2